|
|
|
|
| LEADER |
00000naa a2200000 4500 |
| 001 |
105211 |
| 003 |
Ucuenca |
| 005 |
20230308225703.0 |
| 008 |
180117b xxu||||| |||| 00| 0 spa d |
| 040 |
|
|
|b spa
|
| 041 |
0 |
|
|a spa
|
| 082 |
|
|
|a 860.6
|
| 100 |
1 |
|
|9 6536
|a Torrente Ballester, Gonzalo
|d 1910-1999
|
| 245 |
|
|
|a Filomeno, a mi pesar
|c Gonzalo Torrente Ballester
|h imp
|
| 250 |
|
|
|a 7a ed.
|
| 264 |
|
|
|a Barcelona
|b Planeta
|c 2002
|
| 650 |
|
0 |
|9 219182
|a Premios planeta
|
| 653 |
|
|
|a .
|
| 650 |
|
0 |
|a Literatura española
|9 218293
|
| 773 |
0 |
|
|0 153567
|9 145621
|b 7a ed.
|d Barcelona Planeta 2002
|o 105211
|t Premios planeta 1988-1990
|w (Ucuenca)105211
|z 8432052828
|
| 942 |
|
|
|2 ddc
|c BKA
|z paola.amaya@ucuenca.edu.ec
|
| 999 |
|
|
|c 153623
|d 153623
|